Vývoj súčastí webovej aplikácie na sémantickú anotáciu

Salvato in:
Dettagli Bibliografici
Autore principale: Blahovič, Adam (Autore)
Altri autori: Rác, Miroslav (Relatore della tesi)
Natura: Manoscritto Libro
Lingua:slovacco
Pubblicazione: 2025
Soggetti:
Accesso online:http://is.stuba.sk/zp/portal_zp.pl?podrobnosti=177050
Tags: Aggiungi Tag
Nessun Tag, puoi essere il primo ad aggiungerne!!

MARC

LEADER 00000ntm a22000003a 4500
001 stuzp105811
003 SK-STU
005 20250607211707.1
007 ta
008 150427s2015----xo-----f-mn---000-0-slo-d
040 |a STU  |b slo 
041 0 |a slo 
100 1 |a Blahovič, Adam  |u 070400  |4 aut  |U FIIT Fakulta informatiky a informačných technológií  |T FIIT Ústav počítačového inžinierstva a aplikovanej informatiky  |X 96673  |U I400  |Y 672  |7 96673 
242 0 1 |a Development of web application components for semantic annotation  |y eng 
245 1 0 |a Vývoj súčastí webovej aplikácie na sémantickú anotáciu 
260 |c 2025 
650 4 |a web application  |2 eng 
650 4 |a decision tree  |2 eng 
650 4 |a data annotation  |2 eng 
650 4 |a semantic annotation  |2 eng 
650 4 |a sémantická anotácia  |2 slo 
650 4 |a anotácia dát  |2 slo 
650 4 |a webová aplikácia  |2 slo 
650 4 |a rozhodovací strom  |2 slo 
700 1 |a Rác, Miroslav  |u 070000  |k Z9  |4 ths  |T FIIT Fakulta informatiky a informačných technológií  |X 52961  |U I  |Y 70  |7 52961 
856 4 |u http://is.stuba.sk/zp/portal_zp.pl?podrobnosti=177050